000 00587nam a2200229Ia 4500
003 OSt
005 20220927105851.0
006 a|||||r|||| 00| 0
007 ta
008 220926b |||||||| |||| 00| 0 eng d
024 _a26388
037 _cReference Collections
040 _aRTL
_cRTL
_beng
041 _2eng
_aeng
082 _a"X:54p1N4,N64, K4"
100 _aBiswas Subir
_9375487
245 0 _aWorld trade conference
260 _c1964
650 _aExport
942 _h"X:54p1N4,N64, K4"
_cCC
999 _c695028
_d695028